000 00481 a2200169 4500
003 OSt
005 20230905144031.0
008 230905b |||||||| |||| 00| 0 eng d
020 _a9789356290969
040 _coclc
082 _a894.872
_bBHA/G
100 _aBhagat, Chetan
_96028
245 _aThe girl in room 105 /
_cChetan Bhagat
260 _aHaryana:
_bHarper collins,
_c2022.
300 _a304 p
942 _2ddc
_cBK
_h894.872
_iBHA/G
_k894.872
_mBHA/G
999 _c42126
_d42126